000 01859nam0a2200397 4500
001 RU\NLR\BIBL_A\012295330
005 20200729135043.0
010 _a978-5-16-015361-2
_9500
021 _aRU
_bКН-П-20-015328
_9КН-П-20-1200
035 _a(NLR Aleph) 012295330
035 _a(RuMoRGB)010304335
090 _a11292581
_c11292581
100 _a20200717d2020 u y0rusy50 ca
101 0 _arus
102 _aRU
105 _aa z 000zy
181 0 _ai
_baxxe
182 0 _an
200 1 _aТрансакционный сектор региона и его влияние на экономику субъектов РФ
_eструктурно-функциональный подход
_eмонография
_fЕ. Н. Фрейман, Е. А. Третьякова
203 _aТекст
_bвизуальный
_cнепосредственный
210 _aМосква
_cИНФРА-М
_d2020
215 _a238, [1] с.
_cил., табл.
_d21
225 1 _aНаучная мысль
_iФинансы
300 _aНа 4-й с. обл. авт.: Фрейман Е. Н., канд. экон. наук, доц., Третьякова Е. А., д-р экон. наук, проф.
320 _aБиблиогр.: с. 161-181 (164 назв.)
606 1 _aТрансакционные издержки
_2nlr_sh1
_2nlr_sh2
_3RU\NLR\AUTH\661268540
606 1 _aРыночная экономика
_xРегиональный аспект
_yРоссийская Федерация
_2nlr_sh2
_3RU\NLR\AUTH\661483656
686 1 _aУ010.664
686 1 _aУ21(2)9(2Р)
700 1 _aФрейман
_bЕ. Н.
_gЕкатерина Николаевна
701 1 _aТретьякова
_bЕ. А.
_gЕлена Андреевна
942 _cBOOK
980 _aNBR
980 _aNB